000 00679nam a22002057a 4500
003 BUBTL
008 211028b ||||| |||| 00| 0 eng d
020 _a9893101081
082 _a342.5492/ H139c/ 2008
100 _aHalim, Md. Abdul
245 _aConstitution, constitutional law, and politics : Bangladesh perspective / a comparative study of problems of constitutionalism in Bangladesh
_cMd. Abdul Halim
250 _a4th
260 _aDhaka
_bSams Pulication
_cc2008
300 _a543p. :
_c21 cm.
500 _aIncludes Bibliography and Index.
650 0 _926
_aLaw
856 _k0
_l0
_yDownload
942 _2ddc
_cBK
999 _c6566
_d6566